park life lyrics - Statistics

General Stats
  • This quiz has been taken 36 times
  • The average score is 192 of 257
Answer Stats
Answer % Correct
i
100%
a
96%
so
96%
the
96%
hand
92%
in
92%
all
88%
get
88%
go
88%
many
88%
parklife
88%
people
88%
they
88%
and
83%
on
83%
to
83%
be
79%
by
79%
of
79%
some
79%
their
79%
as
75%
is
75%
it
75%
pigeons
75%
think
75%
you
75%
about
71%
feed
71%
house
71%
know
71%
know?
71%
known
71%
leaving
71%
me
71%
that
71%
there
71%
through
71%
too
71%
up
71%
what
71%
being
67%
cup
67%
do
67%
he
67%
my
67%
rudely
67%
sometimes
67%
sparrows
67%
tea
67%
want
67%
well
67%
when
67%
except
63%
exercise
63%
for
63%
gives
63%
put
63%
then
63%
with
63%
confidence
58%
day
58%
dirty
58%
enormous
58%
have
58%
rest
58%
sense
58%
wednesdays
58%
will
58%
your
58%
always
54%
bit
54%
down
54%
dustmen
54%
gets
54%
got
54%
heart
54%
if
54%
im
54%
intimidated
54%
its
54%
knowledge
54%
mean?
54%
porklife
54%
preference
54%
trousers
54%
who
54%
can
50%
happy
50%
love
50%
not
50%
safe
50%
should
50%
straight
50%
take
50%
avoided
46%
awakened
46%
devoted
46%
john's
46%
morning
46%
who's
46%
cut
42%
him
42%
joggers
42%
marching
42%
round
42%
voyeur
42%
gut
38%
habitual
38%
lord
38%
nothing
38%
route
38%
technique
29%
brewer's
25%
droop
25%
soup
25%
durch
21%
vorsprung
17%
No matching quizzes found
Score Distribution
Percent of People with Each Score
Percentile by Number Answered
Your Score History
You have not taken this quiz